000 00262nam a2200097Ia 4500
008 230907s9999||||xx |||||||||||||| ||und||
082 _a621.384,ENE
245 0 _aEnergy management in wireless cellular and ad-hoc networks/
300 _aviii, 450p.;
942 _cBK
999 _c597546
_d597546